书目信息 |
| 题名: |
管理模式 法律版
|
|
| 作者: | 刘光起 编著 | |
| 分册: | ||
| 出版信息: | 北京 企业管理出版社 1999.06 |
|
| 页数: | 754页 | |
| 开本: | 32开 | |
| 丛书名: | ||
| 单 册: | ||
| 中图分类: | F270-51 | |
| 科图分类: | ||
| 主题词: | 企业经济 | |
| 电子资源: | ||
| ISBN: | 7-80147-217-9 | |
| 000 | 00549nam0 2200193 45 | |
| 001 | 0010032177 | |
| 005 | 20001003213938.9 | |
| 010 | @a7-80147-217-9@d58.00元 | |
| 100 | @a20001003d1999 km y0chiy0120 ea | |
| 101 | 0 | @achi |
| 105 | @a z 000yy | |
| 200 | 1 | @a管理模式 法律版@AGuan Li Mo Shi Fa Lu Ban@f刘光起编著@FLiu Guang Qi Bian Zhu |
| 210 | @a北京@c企业管理出版社@d1999.06 | |
| 215 | @a754页@d32开 | |
| 606 | 0 | @a企业经济 |
| 690 | @aF270-51@v3 | |
| 701 | 0 | @a刘光起@4编著 |
| 801 | @aCN@bPftUser@c20001003 | |
| 905 | @b413663@dF270-51@eL679/4@f1 | |
| 管理模式 法律版/刘光起编著.-北京:企业管理出版社,1999.06 |
| 754页;32开 |
| ISBN 7-80147-217-9:58.00元 |
| ● |
| 相关链接 |
|
|
|
正题名:管理模式法律版
索取号:F270-51/L679/4
 
预约/预借
| 序号 | 登录号 | 条形码 | 馆藏地/架位号 | 状态 | 备注 |
| 1 | 413663 | 204136639 | 管理学院资料室/ [索取号:F270-51/L679/4] | 在馆 |